Normal view
MARC view
- Rowe, L. S.
Entry Nombre Personal
001 - NUMERO DE CONTROL
- campo de control: 51554
003 - IDENTIFICADOR DE NUMERO DE CONTROL
- campo de control: DLC
005 - FECHA Y HORA DE LA ÜLTIMA TRANSACCIÓN
- campo de control: 20240415152429.0
008 - DATOS DE LONGITUD FIJA
- campo de control de longitud fija: 890308n| acannaab| |a aaa ||| c
010 ## - NÚMERO DE CONTROL DE LA BIBLIOTECA DEL CONGRESO
- Número de control LC: n 88071293
040 ## - FUENTE DE CATALOGACIÓN
- Agencia original de catalogación: MoSU-L
- Lenguaje de catalogación: spa
- Agencia de transcripción: DLC
- Agencia que lo modifica: MX-MxUPN
100 1# - ENCABEZAMIENTO - NOMBRE PERSONAL
- Nombre personal: Rowe, L. S.
- Fuller form of name: (Leo Stanton),
- Fechas asociadas con el nombre: 1871-1946
400 10 - VEÁSE - NOMBRE DE PERSONA
- Control subfield: nna
- Personal name: Rowe, Leo Stanton,
- Dates associated with a name: 1871-1946
670 ## - FUENTE EN LA QUE SE LOCALIZARON DATOS
- Cita de la fuente: Reform in municipal government, 1894:
- Información localizada: portada (L.S. Rowe, Ph. D., of Philadelphia, lecturer, Wharton Sch.)
670 ## - FUENTE EN LA QUE SE LOCALIZARON DATOS
- Cita de la fuente: LC in OCLC, 2-8-89
- Información localizada: (hdg.: Rowe, Leo Stanton, 1871-1946; usage: L.S. Rowe, Leo S. Rowe)
670 ## - FUENTE EN LA QUE SE LOCALIZARON DATOS
- Cita de la fuente: MoSU-L/NLT files
- Información localizada: (usage: L.S. Rowe)
670 ## - FUENTE EN LA QUE SE LOCALIZARON DATOS
- Cita de la fuente: The Mexican revolution its causes and consequences, 1912:
- Información localizada: portada (L.S. Rowe)
902 ## - CATALOGADOR
- Catalogador: Víctor Ruiz/150424
